000
00332nam a22001457a 4500
008
230414b ||||| |||| 00| 0 eng d
020
_a
9780070082083
041
_a
eng
080
_a
37
082
_a
37BRO
100
_a
22
101
_a
EDUKIM
245
_a
A PRACRICAL GUIDE TO LANGUAGE LEARNING
_c
BROWN .D.H
942
_2
udc
_c
BK
999
_c
59560
_d
59560